Competencia por clientes en la industria bancaria costarricense en el periódo 1998-2003 /
Saved in:
| Main Author: | |
|---|---|
| Format: | Text |
| Subjects: | |
| Tags: |
Add Tag
No Tags, Be the first to tag this record!
|
MARC
| LEADER | 00000 a a2200000 04500 | ||
|---|---|---|---|
| 001 | 3025 | ||
| 003 | |||
| 040 | |||
| 100 | |a Trejos Soto, Ana Priscilla | ||
| 245 | |a Competencia por clientes en la industria bancaria costarricense en el periódo 1998-2003 / |c Ana Priscilla Trejos Soto | ||
| 650 | |a BANCOS | ||
| 650 | |a SISTEMAS BANCARIOS | ||
| 650 | |a COMPETENCIA | ||
| 650 | |a ECONOMIA | ||
| 650 | |a COSTA RICA | ||
| 773 | |g volumen 24, número 2; páginas 147-176 | ||
| 999 | |c 37284 |d 37284 | ||
